00217nam a2200097Ia 4500008004100000082000800041100001500049245003400064942000600098999001500104240331s9999 xx 000 0 und d bGID aGiddens, A 4aThe consequences of modermity cL c2090d2090